Estatísticas para Cultura Geral

Clique aqui para jogar o quiz

Estatísticas Gerais

  • Esse quiz foi jogado 17 vezes
  • A pontuação média é 6 de 15

Estatísticas das Respostas

HintResposta% Correto
Onde fica localizada a Somália?Corno de África
94%
Qual é a língua oficial da Tunísia?Árabe
75%
Qual é a bebida mais consumida na Bélgica?Cerveja
75%
Em que país nasceu Einstein?Alemanha
69%
Qual é a capital da Bolívia?Sucre
69%
Qual é a religião mais praticada na Guiné?Islamismo
56%
Que país tem Harare como capital?Zimbábue
38%
Como se chamam os bonecos azuis e brancos de banda desenhada criados na Bélgica?Smurfs
31%
Qual é o repórter mais famoso dos desenhos animados belgas?Tintin
25%
Qual é a sobremesa típica da Bélgica?Waffle
25%
Quem é o presidente da Ruanda?Paul Kagame
13%
Por qual crime a Somália se tornou famosa no século 21?Piratas
6%
Como se chamam os famosos canais da Bélgica?Bruges
0%
Que país tem como capital Gitega?Burundi
0%
Qual é a capital de Benin?Porto Novo
0%

Distribuição das Pontuações

Percentil de Números Respondidos

Porcentagem de Pessoas com Cada Pontuação

Sua Pontuação Histórica

Você não jogou esse quiz